000 00318nam a2200133Ia 4500
005 20260328104338.0
008 260328s9999||||xx |||||||||||||| ||und||
100 _aVergel, Jorge
245 0 _aEdgar Bueno en perpectiva /
_cJorge Vergel
260 _bPanamericana
300 _a67 p.
650 _aDIBUJO
942 _cBK
999 _c12005
_d12005